000 00637nam a2200205Ia 4500
003 IN-BaIIA
008 211028s9999 xx 000 0 eng d
040 _cIIA Library
080 _a524.3-852
_bPAY
100 _aPayne, Cecilia H.
_91134
245 0 _aStellar atmospheres
_cCecilia H. Payne
260 _aCambridge
_bThe Observatory
_c1925
300 _aix, 215p.
490 _aHarvard Observatory Monographs; no.1
500 _aDonated by Mrs. Bappu
650 _aAstronomy and Astrophysics Thesaurus
650 _aStellar Atmospheres
_91135
650 _aStellar Structure
942 _cBK
999 _c7577
_d7577